La construcción de lo imaginario /

Guardado en:
書目詳細資料
主要作者: Malrieu, Philippe (autor)
其他作者: Martín Baró, Luis Alberto (traducción) (traducción)
格式: 圖書
語言:西班牙语
出版: Madrid, España : Guadarrama, 1971, c1971
叢編:(Psicología y Ciencias Humanas ; 9)
主題:
標簽: 添加標簽
沒有標簽, 成為第一個標記此記錄!

MARC

LEADER 00000nam^a2200000^a^4500
001 000570453
005 20250521000000.0
009 20260310132229.371
037 |a Acervo ITESO - Biblioteca 
041 |a ESP 
082 |a 153. 3  |b MAL 
100 |a Malrieu, Philippe  |e (autor) 
245 1 3 |a La construcción de lo imaginario /  |c P. Malrieu ; tr. por L.A. Martín Baró. 
264 4 |a Madrid, España :  |b Guadarrama,  |c 1971, c1971 
300 |a 286 p. 
336 |a texto  |b txt  |2 rdacontenido 
337 |a sin mediación  |b n  |2 rdamedio 
338 |a volumen  |b nc  |2 rdasoporte 
440 1 |a (Psicología y Ciencias Humanas ;  |v 9) 
500 |a Traducción de: La construcción del'imaginaire 
649 |a XX 
650 |a Sueños 
650 |a Mitología 
650 |a Imaginación en el Arte 
650 |a Lo Real, lo Imaginario y lo Simbólico 
650 |a Imaginación -  |x Aspectos Psicológicos 
650 |a Imaginación -  |x Tema Principal 
650 |a Psicología -  |x Teoría 
650 |a Psicología 
700 |a Martín Baró, Luis Alberto  |e (traducción) 
910 |a Fondo Armando Suárez Gómez 
920 |a Impresos - Libros 
930 |a Fondos Especiales 
905 |a 111 
901 |a 0500401433  |b IT2  |c ESP  |u 20250521 
902 |a https://opac.biblio.iteso.mx/vufind/Record/000570453